Discourse Analysis Of Five Indian Novel (Record no. 28283)

MARC details
000 -LEADER
fixed length control field 00427nam a2200181Ia 4500
008 - FIXED-LENGTH DATA ELEMENTS--GENERAL INFORMATION
fixed length control field 220531s9999 xx 000 0 und d
041 ## - LANGUAGE CODE
Language code of text/sound track or separate title eng
082 ## - DEWEY DECIMAL CLASSIFICATION NUMBER
Item number THO
100 ## - MAIN ENTRY--PERSONAL NAME
Personal name Thorat ,. Ashok
9 (RLIN) 48312
245 ## - TITLE STATEMENT
Title Discourse Analysis Of Five Indian Novel
250 ## - EDITION STATEMENT
Edition statement 20th
260 ## - PUBLICATION, DISTRIBUTION, ETC. (IMPRINT)
Name of publisher, distributor, etc. Macmillan
Date of publication, distribution, etc. 2002
300 ## - PHYSICAL DESCRIPTION
Extent 195
542 ## - INFORMATION RELATING TO COPYRIGHT STATUS
Copyright holder 31-03-2006
650 ## - SUBJECT ADDED ENTRY--TOPICAL TERM
Topical term or geographic name as entry element English
9 (RLIN) 48313
906 ## - LOCAL DATA ELEMENT F, LDF (RLIN)
d 2005-2006
Holdings
Withdrawn status Lost status Damaged status Not for loan Home library Current library Date acquired Vendor Cost, normal purchase price Total Checkouts Total Holds Full call number Barcode Date last seen Bill Date Koha item type Original Barcode
        Shri Siddhivinayak Mahila Mahavidyalaya Shri Siddhivinayak Mahila Mahavidyalaya 31/03/2006 International 150.00   1 /THO/B/9271 SSMM-BK-9271 06/08/2022 06/08/2022 Books 10009271